| 000 | 00898 a2200205 4500 | ||
|---|---|---|---|
| 020 | _a0321014553 | ||
| 020 | _a9780321014559 | ||
| 082 | 0 | 4 | _a658.15 |
| 090 |
_c2526 _d2526 |
||
| 100 | 1 | _aEmery, Gary W. | |
| 245 | 1 | 0 |
_aCorporate finance / _cGary W. Emery. |
| 250 | _a1st ed. | ||
| 260 |
_a[S.l.] : _bAddison Wesley, _c1998. |
||
| 300 |
_a893 p. ; _c25 cm. |
||
| 500 | _aHardcover. | ||
| 520 | _aExplains economic logic, intuition and procedures of financial valuation. Demonstrates how to apply finance valuation principles to realistic investment and operating decision. Describes the principles that shape companies' financial policies. DLC: Corporations - Finance. | ||
| 856 | 4 | 0 |
_3Amazon.com _uhttp://www.amazon.com/exec/obidos/ASIN/0321014553/chopaconline-20 |
| 856 | 4 | 0 |
_3Amazon customer reviews _uhttp://www.chopac.org/cgi-bin/tools/azrev.pl?q=0321014553 |
| 942 |
_aNBS _cBK _k658.15 EME |
||
| 999 |
_c345021 _d345021 |
||